Statistics for Top 33 Kendrick Lamar Songs

Click here to take the quiz!

General Stats

  • This quiz has been taken 1,074 times
  • The average score is 17 of 33

Answer Stats

#SongAlbumYear% Correct
18HumbleDamn2017
92%
4DNADamn2017
87%
17B...., Don't Kill My Vibegood kid, m.A.A.d city2012
86%
1m.A.A.d citygood kid, m.A.A.d city2012
85%
10AlrightTo Pimp a Butterfly2015
83%
5Money Treesgood kid, m.A.A.d city2012
79%
11uTo Pimp a Butterfly2015
79%
33Swimming Pools (Drank)good kid, m.A.A.d city2012
78%
16King KuntaTo Pimp a Butterfly2015
73%
23LoveDamn2017
71%
8A.D.H.D.Section.802011
65%
3Sing About Me/I'm Dying of Thirstgood kid, m.A.A.d city2012
65%
9DuckworthDamn2017
64%
7Backseat Freestylegood kid, m.A.A.d city2012
61%
25Poetic Justicegood kid, m.A.A.d city2012
61%
26Wesley's TheoryTo Pimp a Butterfly2015
61%
12HiiiPoWeRSection.802011
58%
21UntitledN/A2015
54%
13FearDamn2017
53%
32Untitled 06untitled unmastered2016
51%
28Untitled 07untitled unmastered2016
51%
6The Blacker the BerryTo Pimp a Butterfly2015
47%
14Hood PoliticsTo Pimp a Butterfly2015
41%
22The Art of Peer Pressuregood kid, m.A.A.d city2012
41%
15RigamortusSection.802011
35%
20Hol' UpSection.802011
31%
24You Ain't Gotta Lie (Momma Said)To Pimp a Butterfly2015
27%
27Blow My High (Members Only)Section.802011
14%
31The Heart Pt. 2Overly Dedicated2010
14%
2Cartoon & CerealN/A2012
4%
19Blue FacesN/A2016
1%
30The Jig Is Up (Dump'n)N/A2012
1%
29Westside, Right on TimeN/A2012
1%

Score Distribution

Percentile by Number Answered

Percent of People with Each Score

Your Score History

You have not taken this quiz